Quick Pick: Ironic Quiz Stats

 Plays Quiz Updated Apr 3, 2016

Challenge
Share
Tweet
Embed
Score 0/11 Timer 01:00
2 Plays Today
% Correct
Cigarette break
91.9%
Need is a Knife
91.7%
Wedding day
90.8%
Just didn't take
90.4%
Died the next day
89.8%
Chardonnay
89.8%
Plane crashes down
86%
Already late
84.3%
Already paid
83.6%
Meeting his beautiful wife
82.8%
Two minutes too late
80.1%

Today's Daily Dose

You're not logged in!

Compare scores with friends on all Sporcle quizzes.
OR
Log In

You Might Also Like...

Show Comments

Extras

Top Quizzes Today


Score Distribution

Your Account Isn't Verified!

In order to create a playlist on Sporcle, you need to verify the email address you used during registration. Go to your Sporcle Settings to finish the process.

Report this User

Report this user for behavior that violates our Community Guidelines.

Details: